Statistics for Last 6 Wives of U.S. Presidents

Click here to take the quiz!

General Stats

  • This quiz has been taken 86 times
  • The average score is 6 of 9

Answer Stats

Answer% Correct
Hillary
92%
Michelle
92%
Jill
82%
Barbara
75%
Laura
70%
Ivana
69%
Melania
65%
Marla
31%
Neilia | Hunter
13%

Score Distribution

Percentile by Number Answered

Percent of People with Each Score

Your Score History

You have not taken this quiz